Statistics for Guess that object

Click here to take the quiz!

General Stats

  • This quiz has been taken 12 times
  • The average score is 10 of 15

Answer Stats

Answer% Correct
Donut
100%
Tree
89%
Table
89%
Teddy Bear
89%
Apple
89%
Chair
78%
Dog
78%
Fish
78%
T- Shirt
78%
Shoes
78%
Blossom
67%
Foot
56%
Pants
22%
Buildings
11%
PomPom Flower
11%

Score Distribution

Percentile by Number Answered

Percent of People with Each Score

Your Score History

You have not taken this quiz